| 000 | 00648 a2200193 4500 | ||
|---|---|---|---|
| 010 | _aENG-89003 | ||
| 020 |
_a97881250322512 _c595.00 |
||
| 035 | _aEN-72536 | ||
| 037 | _bDBAD / PUB | ||
| 082 | 1 | 4 | _a302.34 |
| 090 |
_c9821 _d9821 |
||
| 100 | 1 | _aSusan Visvanathan | |
| 245 | 1 |
_aFriendship, interiority and mysticism : _cby Susan Visvanathan _bessays in dialogue / |
|
| 260 |
_aNew Delhi _bOrient Longman _c2007 |
||
| 270 |
_a1/24, Asaf Ali Road, _bNew Delhi _e110 002 |
||
| 300 |
_cxi, 253p. _b22cm (Hb) |
||
| 942 |
_cEN _adpl _k302.34 / SUS |
||
| 999 |
_c9642 _d9642 |
||